Electronic analog computers (Record no. 4595)

MARC details
000 -LEADER
fixed length control field 00587nam a2200205Ia 4500
003 - CONTROL NUMBER IDENTIFIER
control field IN-BaIIA
008 - FIXED-LENGTH DATA ELEMENTS--GENERAL INFORMATION
fixed length control field 211028s9999 xx 000 0 eng d
040 ## - CATALOGING SOURCE
Transcribing agency IIA Library
080 ## - UNIVERSAL DECIMAL CLASSIFICATION NUMBER
Universal Decimal Classification number 681.14
Item number KOR
100 ## - MAIN ENTRY--PERSONAL NAME
Personal name Korn, Granino A
9 (RLIN) 4369
245 #0 - TITLE STATEMENT
Title Electronic analog computers
Remainder of title D C analog
Statement of responsibility, etc. Granino A. Korn and Theresa M. Korn
250 ## - EDITION STATEMENT
Edition statement 2nd ed.
260 ## - PUBLICATION, DISTRIBUTION, ETC.
Place of publication, distribution, etc. New York
Name of publisher, distributor, etc. McGraw-Hill
Date of publication, distribution, etc. 1956
300 ## - PHYSICAL DESCRIPTION
Extent xiv, 452p.
650 ## - SUBJECT ADDED ENTRY--TOPICAL TERM
Topical term or geographic name entry element  Analog Computers
9 (RLIN) 8104
650 ## - SUBJECT ADDED ENTRY--TOPICAL TERM
Topical term or geographic name entry element  Electronic Computers 
9 (RLIN) 8105
650 ## - SUBJECT ADDED ENTRY--TOPICAL TERM
Topical term or geographic name entry element NASA Thesaurus 
700 ## - ADDED ENTRY--PERSONAL NAME
Personal name Korn, Theresa M
9 (RLIN) 4370
942 ## - ADDED ENTRY ELEMENTS (KOHA)
Koha item type Books
Holdings
Withdrawn status Lost status Damaged status Not for loan Home library Current library Shelving location Date acquired Total Checkouts Full call number Barcode Date last seen Price effective from Koha item type
        IIA Library-Bangalore IIA Library-Kavalur General Stacks     681.14/ KOR 5128 05/11/2021   Books

Powered by Koha